Rodetes paleolíticos de hueso / por Ignacio Barandiarán
Descripción Física:
37 p. : il. ; 27 cm
Colección:
Monografías ; 30
Materias:
Art prehistòric -- Europa Occidental
MARC
| LEADER | 00000nam a2200000Ia 4500 | ||
|---|---|---|---|
| 001 | 7775 | ||
| 008 | 160829s1968 xx 000 0 cat d | ||
| 080 | |a FU-21-18 | ||
| 100 | |a Barandiarán, Ignacio |9 39682 | ||
| 245 | |a Rodetes paleolíticos de hueso / por Ignacio Barandiarán | ||
| 260 | |a Barcelona : |b Diputación de Barcelona. Instituto de Prehistoria y Arqueología, |c 1968 | ||
| 300 | |a 37 p. : |b il. ; |c 27 cm | ||
| 490 | |a Monografías ; 30 | ||
| 590 | |a Separata de: Ampurias, núm. 30 | ||
| 650 | |a Art prehistòric |x Europa Occidental |9 39683 | ||
| 710 | 2 | |a Instituto de Prehistoria y Arqueología (Barcelona, Catalunya) |9 54255 | |
| 901 | |a Arxiu | ||
| 942 | |n 1 |2 udc | ||
| 952 | |0 0 |1 0 |4 0 |6 FU2118 |7 1 |9 49160 |a Arxiu |b Arxiu |d 2016-12-01 |l 0 |o FU-21-18 |p 7775 |r 2016-12-01 00:00:00 |w 2016-12-01 |y ARXIU | ||
| 999 | |c 52999 |d 52999 | ||